Персоналии ИстРоса #8.2: 1894-1920-е - Statistics

General Stats
  • This quiz has been taken 3 times
    2 since last reset
  • The average score is 7 of 50
Answer Stats
Описание Личность % Correct
Немецкая политическая деятельница, участница немецкого и международного коммунистического движения, одна из основательниц Коммунистической партии Германии, активистка борьбы за права женщин. В 1932 из Германии переехала в СССР где умерла через год в усадьбе "Архангельское" Клара Цеткин
100%
Польский и немецкий теоретик марксизма, философ, экономист и публицист. Одна из наиболее влиятельных деятелей польской, немецкой и европейской революционной левой социал-демократии. Схвачена и убита вместе с соратником по партии Карлом Либкнехтом после подавления восстания берлинских рабочих в январе 1919 года Роза Люксембург
100%
Член РСДРП с 1898 г. - член Петербургского Союза борьбы за освобождение рабочего класса, агент «Искры», вёл подпольную работу в С.-Петербурге, Тифлисе,
Ревеле, Москве, неоднократно арестовывался и ссылался. В 1917 г. избран городским готовой Петрограда. В марте 1919 г. избран председателем ВЦИК, с 1923 г. один из председателей ЦИК СССР, с 1938 г. и до 1946 председатель Президиума Верховного Совета СССР.
Михаил Калинин
100%
Председатель Интернациональной контрольной комиссии, лидер "ленинградской оппозиции". Укрывался вместе с Лениным в шалаше на берегу озера. Григорий Зиновьев
100%
Политик и дипломат. Из старинного, обедневшего дворянского рода.
В 1917 г. в Лондоне организовывал возвращение русских политических эмигрантов на родину, по доносу эсера-оборонца был арестован английскими властями. В январе 1918 г. обменен на британского посла в Петрограде Бьюкенена и стал заместителем наркома, а с марта 1918 г. руководителем наркомата по иностранным делам РСФСР, потом СССР. Как профессиональный дипломат, поддерживал курс на мирное сотрудничество с капиталистическим странами и особенно с пробуждавшимся Востоком, также критически оценивал Версальский мир и Лигу Наций, видя в них угрозу национальному суверенитету. Эго стало противоречить новому курсу сталинского руководства на вхождение СССР в мировую систему. Ушел в отставку в 1930г. по болезни
Георгий Чичерин
100%
Первая женщина член правительства и посол.Стояла у начала организованного движения работниц в России и за
рубежом. Меньшевичка в 1906-1915 гг., большевичка с 1915 г. В первом советском правительстве - нарком государственного призрения. С1920 г. - зав. Отделом работниц ЦК РКП(б), в 1921-22 гг. - секретарь Международного женского секретариата при Коммунистическом Интернационале. С мая 1923 г. и в 1927-1930 гг. - полномочный представитель СССР в Норвегии, в 1926 г. - в Мексике, в 1930-1945 гг. - в Швеции. Сыграла важную роль в заключении перемирия 1944 г. и мира с Финляндией. Много писала по женскому вопросу, в 20-е годы отстаивала «свободу любви».
Александра Коллонтай
50%
Организатор библиотечного дела и внешкольного образования, координатор ликбеза. Жена знаменитого лидера партии. Надежда Крупская
50%
Председатель Госплана 1921-1930, один из создателей плана ГОЭЛРО. Один из тех редких партийных деятелей, который был старым большевиком и пережил Сталина. Глеб Кржижановский
50%
Русский писатель, поэт, публицист, журналист, военный корреспондент, переводчик с французского и испанского языков, общественный деятель, фотограф. Во время ВОВ был корреспондентом газеты «Красная звезда», сотрудничал с другими изданиями и Совинформбюро как пропагандист. Написал романы «Необычайные похождения Хулио Хуренито», «Падение Парижа», «Буря», «Девятый вал» и "Оттепель". Первый начал использовать словосочетание "День Победы" в контексте ВОВ. Награжден двумя сталинскими премиями. Илья Эренбург
50%
В октябре 1917 один из руководителей большевистского переворота в Петрограде. С 8(21). 11.1917 председатель ВЦИК (одновременно секретарь ЦК партии). Один из инициаторов и организаторов “красного террора” и “расказачивания”, вызвавшего антибольшевистские восстания на Дону. С января 1919 член Оргбюро ЦК РКП(б), один из создателей
Коминтерна.
Яков Свердлов
0%
Комендант Порт-Артура, сдавший его японцам, не согласовав этого с руководством. В 1904 получил депешу от начальства о его отзыве из Порт-Артура, но не исполнил этого повеления и остался во главе обороны города, фактически отстранив коменданта крепости. Анатолий Стессель
0%
Контр-адмирал Российского Императорского Флота, командир крейсера «Варяг», который потерпел поражение в битве за Чемульпо. В ноябре 1905 года за отказ принять дисциплинарные меры против революционно настроенных матросов своего экипажа Руднев был уволен в отставку с производством в контр-адмиралы. Всеволод Руднев
0%
Владимир Ламсдорф
0%
Павел Ренненкампф
0%
Александр Самсонов
0%
Михаил Родзянко
0%
Федор Головин
0%
Василий Шульгин
0%
Сергей Хабалов
0%
Александр Керенский
0%
Владимир Львов
0%
Лев Каменев
0%
Алексей Рыков
0%
В 1917 г. член Московского комитета большевиков. В 1917-1929 гг. редактор газеты «Правда», в 1934-1937 - «Известий». В 1919-1929 гг.- член Исполкома
КомИнтерна в 1924-1929 - Политбюро ЦК ВКП(б), в 1929-1932 - Президиума ВСНХ. Один из идеологов НЭПа. Один из лидеров «правого уклона». Сначала поддерживал Сталина, но в конце 20-х гг. разошелся с ним, возражая против нажима на крестьянство и форсирования индустриализации и коллективизации. В 1937 г. арестован и приговорён к смертной казни. Посмертно реабилитирован
Николай Бухарин
0%
Председатель ВЧК, родом из семьи мелкопоместного польского шляхтича. Неоднократно арестовывался. Избирался членом правления Социал-демократии Королевства Польского и Литвы. Один из руководителей Октябрьского вооруженного восстания в Петрограде 1917 г. В начале 1918 г. поддержал Троцкого и «левых коммунистов», выступив против позиции Ленина за заключение Брестского мира, считая его капитулянтским. В дни мятежа левых эсеров в Москве был арестован мятежниками;
Во время советско-польской войны) председатель Польского бюро ЦК РКП(б), член Реввоенсовета Западного фронта. С 1921 г. одновременно с чекистской работой возглавил комиссию по улучшению жизни детей; руководил борьбой с детской беспризорностью. В 1921-1924 гг. - нарком путей сообщения. С февраля 1924 г. одновременно возглавил ВСНХ. Являлся сторонником Сталина в его борьбе за власть с Троцким. Умер в Москве 20 июля 1926 г. от сердечного приступа.
Феликс Дзержинский
0%
Тихон
0%
Составил проект декрета о национализации частных банков, руководил его осуществлением. Председатель
советской делегации при подписании Брестского мира. Затем участвовал в переговорах в Берлине о заключении дополнительных соглашений по правовым и экономическим вопросам. Участвовал в подавлении казачьего восстания на Дону и разгроме Деникина. В 1920 г. председатель Туркестанской комиссии ВЦИК и командующий Туркестанским фронтом. С октября 1922 по январь 1926 г.- нарком финансов РСФСР, потом СССР. Провел денежную реформу 1922-1925 г. Участвовал в Гаагской международной конференции 1922 г. Финансовая политика вошла в противоречие с курсом на форсирование индустриализации и коллективизации. В 1926-1928 г. он поддержал троцкистско-зиновьевский блок. Весной 1926 г. был снят с поста наркома финансов и назначен заместителем председателя Госплана, с 1928 г. - председатель Нефтесиндиката, в 1929-1935 гг. - полпред СССР в Великобритании, в 1935-1936 гг. - первый заместитель наркома лесной промышленности. В 1937 г. приговорён к 10 годам тюрьмы, где вскоре умер. Реабилитирован посмертно.
Григорий Сокольников
0%
Анархист, вождь крестьянского движения на Левобережной Украине. Отличался храбростью
и жестокостью. Еще юношей в годы Первой русской революции участвовал в террористических актах и «экспроприациях», был приговорён к каторге, которую отбывал в Бутырской тюрьме в Москве, где познакомился с анархистами и стал их сторонником. Освобожденный Февральской революцией, уехал на родину, где организовал партизанский отряд, боровшийся с германскими оккупантами, властями гетманского правительства Скоропадского и местными помещиками. Армия особенно отличалась маневренностью из-за пулеметов поставленных на тачанки. Участвовал во взятии Екатеринослава, разгроме войск Врангеля. После Освобождения Крыма командование красных разоружило армию, и он снова перешел к партизанской войне. Преследуемый красными, бежал в Румынию. В эмиграции бедствовал, умер от туберкулёза.
Нестор Махно
0%
Симон Петлюра
0%
барон, белый генерал, один из вождей контрреволюции в Восточной Сибири. Послан Временным правительством
в Восточную Сибирь для организации добровольческих частей, сотрудничал с атаманом Семеновым. Командовал Конно-азиатской дивизией, получил от Колчака чин генерал-лейтенанта. Отличался садистской жестокостью. В1920 г. отделился от Семенова и ушел в Монголию, где от местных феодалов получил титул хана. В 1921 г. вторгся на советскую территорию, был разбит и расстрелян по приговору революционного трибунала.
Роман Унгерн
0%
Первый кавалер орденов Красного знамени и Красной звезды, один из пяти первых Маршалов Советского Союза.
В августе - сентябре 1918 г. - главнокомандующий Уральской партизанской армией, совершившей 1 500-километровый поход через весь Урал на соединение с РККА. Затем командовал дивизией, армией Восточного фронта, на Южном фронте руководил обороной Каховки, в ноябре 1920 г. - штурмом Перекопа против Врангеля. В июне 1921 - июле 1922 г. военный министр и главнокомандующий Народно-революционной армией Дальневосточной республики, руководил штурмом Волочаевки. В 1929-1938 гг. - командующий Отдельной Краснознаменной Дальневосточной Армией. Руководил отражением японского нападения у озера Хасан. Допустил ряд ошибок в подготовке и боевом применении вверенных войск. Репрессирован и расстрелян по ложному обвинению в 1938 г после смерти Сталина реабилитирован
Василий Блюхер
0%
Лазарь Каганович
0%
Валериан Куйбышев
0%
Григорий Орджоникидзе
0%
Леонид Красин
0%
Максим Литвинов
0%
Вацлав Воровский
0%
Сергей Киров
0%
Николай Ежов
0%
Николай Бердяев
0%
Осип Мандельштам
0%
Казимир Малевич
0%
Василий Кандинский
0%
Семен Франк
0%
Алексей Толстой
0%
"Первый писатель" СССР, организатор литературных объединений и издательских проектов, друг Ф.И. Шаляпина. Долгое время провел заграницей, окончательно вернулся в СССР в 1932 году. Максим Горький
0%
Иван Ильин
0%
Кинорежиссер-монтажист, создатель фильмов "Стачка", "Броненосец Потемкин", "Александр Невский", "Иван Грозный" Сергей Эйзенштейн
0%
Нарком просвещения, архитектор культурной политики и ликбеза Анатолий Луначарский
0%
П.М. Святополк-Мирский
0%
No matching quizzes found
Score Distribution
Percent of People with Each Score
Percentile by Number Answered
Your Score History
You have not taken this quiz since the last reset